000 00255nam a22001217a 4500
040 _cHS
082 _a631
100 _aNA
245 _aការគ្រប់គងកសិដ្ឋាន
260 _aCambodia
_bNA
_cNA
300 _a11p;
942 _cKB
999 _c9369
_d9369